Membina rasa cinta
| Main Author: | |
|---|---|
| Format: | Book |
| Published: |
Shah Alam :
Karya Bestari Sdn. Bhd. ,
2008
|
| Subjects: |
MARC
| LEADER | 00000cam a2200000 7i4500 | ||
|---|---|---|---|
| 001 | 0000127001 | ||
| 005 | 20090422.0 | ||
| 020 | |a 9678602512 | ||
| 020 | |a 9789678602518 | ||
| 090 | 0 | 0 | |a 152.41 |b HMT |
| 100 | 0 | |a HM Tuah Iskandar | |
| 245 | 1 | 0 | |a Membina rasa cinta |c HM Tuah Iskandar |
| 260 | |a Shah Alam : |b Karya Bestari Sdn. Bhd. , |c 2008 | ||
| 300 | |a 320p. ; |c 22cm. | ||
| 650 | 0 | 0 | |a Intimacy (Psychological) |
| 650 | 0 | 0 | |a Love |
| 650 | 0 | 0 | |a Love |x Psychological aspects |
| 999 | |a 00222642 |b BUKU |c PINJAMAN |e PERPUSTAKAAN KOMUNITI PETALING JAYA | ||